| 000 | 00420nam a2200145Ia 4500 | ||
|---|---|---|---|
| 008 | 230718s9999 xx 000 0 und d | ||
| 041 | _aeng | ||
| 082 |
_a623.8 _bIMS |
||
| 100 |
_aIms Learning Resources _9129484 |
||
| 245 |
_aNautical Miles _bA Fun Way To Build Vocabulary For Various Tests |
||
| 260 | _bIms | ||
| 365 |
_cRs. _b250.00 |
||
| 700 |
_aIms Learning Resources _9129484 |
||
| 906 |
_dB:26724-Apr-2008 _cIT _b50 |
||
| 999 |
_c318863 _d318863 |
||